000 00356nam a2200157Ia 4500
003 OSt
005 20231214151112.0
008 230125s9999 xx 000 0 und d
020 _a9780141983042
082 _a612
_bLEWU
100 _aLEWIS, Michael
245 4 _aUNDOING PROJECT
260 _bPenguin Random House
_c2017
_aUK
300 _a360p
942 _cBK
_2ddc
999 _c9
_d9